Responses for Show #5772 - Tuesday, October 20, 2009

Rare audio Final Jeopardy!

Contestants

[<< previous game]

Dave Castanien, a graphic artist originally from Detroit, Michigan

Debra Grehn, a stay-at-home mom from West Hartford, Connecticut

Kevin Wilson, a communications specialist from Toronto, Ontario, Canada (whose 2-day cash winnings total $50,999)

[next game >>]

Jeopardy! Round responses

NOBEL PRIZE WINNERS
ROCK STARS ENCYCLOPEDIA ENTRIES
HISTORY OF DRINK
FRENCH CROSSWORD CLUES
APPAREL "L"
UNIVERSE
    $200 21
(Alex: And we referred to this organization in our Final on the program yesterday--[*].)

the Red Cross

Triple Stumper
    $200 8
Elvis Presley

Dave
    $200 13
vodka

Deb
    $200 1
monsieur

Kevin
    $200 26
Levi's

Kevin
    $200 6
flat

Deb
    $400 22
(Deb: What is Morocco?)

Cairo

Deb
Triple Stumper
    $400 9
the Jacksons

Deb
    $400 14
whiskey

Dave
    $400 2
bon voyage

Kevin
    $400 27
leather

Dave
    $400 7
expanding

Dave
    $600 23
Marconi

Dave
    $600 10
The B-52s

Dave
    $600 15
gin

Kevin
    $600 3
beaucoup

Dave
    $600 28
a lab coat (a laboratory jacket accepted)

Kevin
    $600 18
a galaxy

Dave
    $800 24
an electrocardiogram

Dave
    $800 11
Queen

Kevin
    $800 16
tequila

Dave
    $800 4
(Dave: Uh, wha--)
(Alex: Oh, drawing a blank. Deb.)
(Dave: [Overlapping] Oh, it's not [*].)

haute couture

DebDave
    $800 29
lingerie

Kevin
    $800 19
planets

Dave
    $2,000 25
(Dave: Who is Nixon?)
...
(Alex: Less than a minute to go now, Dave.)

Henry Kissinger

Dave
    $1000 12
Guns N' Roses

Dave
    $1000 17
brandy

Dave
    $1000 5
C'est la vie

Kevin
    $1000 30
loincloths

Kevin
    $1000 20
dark

Kevin

Scores at the first commercial break (after clue 15):

Kevin Deb Dave
$3,000 $1,600 $2,400

Scores at the end of the Jeopardy! Round:

Kevin Deb Dave
$6,600 $1,200 $5,400

Double Jeopardy! Round responses

WORLD CITIES
THE COMEBACK KIDS
POETRY TIME
5 OTHER SENSES
AN END FOR "U" & "ME"
(Alex: Each correct response will end with those three letters in that order.)
FAMOUS TRIALS
(Jack Ford: ...with me, Jack Ford, Yale professor and anchor of Courtside on the legal network In Session.)
    $400 3
Rio de Janeiro

Deb
    $400 21
Jodie Foster

Kevin
    $400 26
Shakespeare

Kevin
    $400 11
humor

Kevin
    $400 16
volume

Dave
    $400 1
(John) Scopes

Kevin
    $800 4
Shanghai

Kevin
    $800 22
Neil Patrick Harris

Kevin
    $800 12
balance

Kevin
    $800 17
a legume

Dave
    $800 2
(Kevin: Who is Klaus Barbie?)

(Adolf) Eichmann

KevinDave
    $1200 7
Berlin

Kevin
    $1200 23
Rick Schroder

Dave
    $1200 13
shame

Kevin
    $1200 18
to fume

Kevin
    $1200 5
"Fatty" Arbuckle

Kevin
    $2,000 9
Paris (France)

Kevin
    $1600 24
Alyssa Milano

Deb
    $1600 28
[The end-of-round signal sounds.]

tears

Dave
    $5,000 14
entitlement

Kevin
    $1600 19
(Alex: David and Kirsty, correct.)

Hume

Kevin
    $1600 6
[NOTE: This was the 180,000th clue entered into the J! Archive, 2009-10-26.]

William Calley

Deb
    $2000 10
(Dave: What is... [Groans])
(Alex: Ohhhh, sorry.)

Manila

DebDave
    $2000 25
Kirk Cameron

Triple Stumper
    $2000 27
(Dave: What is a season?)

purpose

DebDave
    $2000 15
decency

Dave
    $2000 20
Guillaume

Dave
    $2000 8
(Deb: Who is Sacco and Vanzetti?)

Leopold & Loeb

Deb
Triple Stumper

Scores at the end of the Double Jeopardy! Round:

Kevin Deb Dave
$23,200 $6,800 $10,200
(lock game)

[wagering suggestions for these scores]

Final Jeopardy! Round responses

MUSICAL INSTRUMENTS
DebWhat is are flute & lute?
$6,700
DaveWhat are the flute + lute?
$10,199
KevinWhat are the flute + the lute?
$2,799
the flute & the lute

Final scores:

Kevin Deb Dave
$25,999 $13,500 $20,399
3-day champion: $76,998 3rd place: $1,000 2nd place: $2,000

Game dynamics:

Coryat scores:

Kevin Deb Dave
$19,400 $6,800 $12,200
24 R
(including 2 DDs),
1 W
9 R,
2 W
20 R,
4 W
(including 1 DD)

Combined Coryat: $38,400

[game clues] [game scores] [suggest correction]

Game tape date: 2009-09-23
The J! Archive is created by fans, for fans. Scraping, republication, monetization, and malicious use prohibited; this site may use cookies and collect identifying information. See terms. The Jeopardy! game show and all elements thereof, including but not limited to copyright and trademark thereto, are the property of Jeopardy Productions, Inc. and are protected under law. This website is not affiliated with, sponsored by, or operated by Jeopardy Productions, Inc. Join the discussion at JBoard.tv.